|
|
|
|
| LEADER |
01539nam a22003017a 4500 |
| 001 |
44115 |
| 003 |
BD-DhAAL |
| 005 |
20250720165647.0 |
| 008 |
250224t2008 nyua|||| |||| 00| 0 eng d |
| 020 |
|
|
|a 9781419553059
|
| 020 |
|
|
|a 9781419553059
|
| 040 |
|
|
|a BD-DhAAL
|d BD-DhAAL
|
| 082 |
|
|
|a 650.076
|
| 245 |
|
|
|a GMAT® verbal workbook /
|c the staff of Kaplan test prep and admissions.
|
| 246 |
|
|
|a GMAT® verbal workbook :
|b proven, practical tools to help you score higher ; more than 220 test-like practice questions ; detailed answer explanations ; proven score-raising strategies for every GMAT verbal question type ; review of fundamental rules of GMAT English ; a special section on the analytical writing assessment
|
| 250 |
|
|
|a Fifth Edition.
|
| 260 |
|
|
|a New York :
|b Kaplan Publishing,
|c 2008.
|
| 300 |
|
|
|a xiv, 299 pages :
|b illustrations ;
|c 28 cm
|
| 500 |
|
|
|a At head of cover title: Kaplan.
|
| 500 |
|
|
|a From the creator of the #1 GMAT Course--Cover
|
| 526 |
|
|
|x
|
| 541 |
|
|
|a Donated by Farhana Zahir (Assistant Professor, BBS, BRAC University)
|e 44115
|
| 650 |
|
|
|a Graduate Management Admission Test.
|9 57804
|
| 650 |
|
|
|a Management
|9 57805
|
| 710 |
|
|
|a Kaplan, Inc.
|9 57806
|
| 942 |
|
|
|2 ddc
|c BK
|
| 999 |
|
|
|c 47244
|d 47244
|
| 952 |
|
|
|0 0
|1 0
|2 ddc
|4 0
|6 650_076000000000000_GMA
|7 0
|9 77424
|a BRACUL
|b BRACUL
|c GEN
|d 2025-02-24
|e Donated by Farhana Zahir, Assistant Professor, BBS.
|l 1
|m 12
|o 650.076 GMA
|p 3010044115
|r 2025-09-23
|s 2025-06-19
|t 1
|w 2025-02-24
|y BK
|x Donated by Farhana Zahir Assistant Professor BBS, BRAC University.$23.00
|